| 000 | 00385nam a2200157Ia 4500 | ||
|---|---|---|---|
| 008 | 230917s9999||||xx |||||||||||||| ||und|| | ||
| 040 |
_e129532 _aMAIN |
||
| 041 | _aEnglish | ||
| 082 | _a510.2462 K889A | ||
| 100 | _aKreyszig , Erwin | ||
| 245 | 0 | _aAdvanced enineering mathematics | |
| 250 | _a8th ed. | ||
| 260 |
_aNew delhi _bWiley student |
||
| 300 | _a1156p. p. | ||
| 942 | _cBK | ||
| 999 |
_c129393 _d129393 |
||